ميترييدات : (رقم التسجيلة. 68733)
[ عرض عادي ]
| 000 -LEADER | |
|---|---|
| fixed length control field | 00646nam a22002057a 4500 |
| 005 - DATE AND TIME OF LATEST TRANSACTION | |
| control field | 20251108172030.0 |
| 008 - FIXED-LENGTH DATA ELEMENTS--GENERAL INFORMATION | |
| fixed length control field | 250721s1968 xx 000 0 ara d |
| 082 14 - DEWEY DECIMAL CLASSIFICATION NUMBER | |
| Classification number | 842.4/راس |
| 100 1# - MAIN ENTRY--PERSONAL NAME | |
| Personal name | راسين، جان |
| 245 10 - TITLE STATEMENT | |
| Title | ميترييدات : |
| Remainder of title | مأساة / |
| 264 1# - PRODUCTION, PUBLICATION, DISTRIBUTION, MANUFACTURE, AND COPYRIGHT NOTICE | |
| Place of production, publication, distribution, manufacture | بيروت : |
| Name of producer, publisher, distributor, manufacturer | دار الكتاب اللبناني، |
| Date of production, publication, distribution, manufacture, or copyright notice | 1968. |
| 300 ## - PHYSICAL DESCRIPTION | |
| Extent | 157ص |
| 490 0# - SERIES STATEMENT | |
| Series statement | روائع الأدب الفرنسي الكلاسيكي |
| 650 17 - SUBJECT ADDED ENTRY--TOPICAL TERM | |
| Topical term or geographic name as entry element | المسرحيات |
| 650 17 - SUBJECT ADDED ENTRY--TOPICAL TERM | |
| Topical term or geographic name as entry element | فرنسا |
| 700 1# - ADDED ENTRY--PERSONAL NAME | |
| Personal name | شرف الدين، خليل |
| Relator term | ترجمة |
| 700 1# - ADDED ENTRY--PERSONAL NAME | |
| Personal name | رضا، يوسف محمد |
| Relator term | ترجمة |
| 942 ## - ADDED ENTRY ELEMENTS (KOHA) | |
| Source of classification or shelving scheme | Dewey Decimal Classification |
| Koha item type | كتب |
| حالة السحب | حالة الفقدان | مصدر التصنيف | حالة التلف | غير قابل للإعارة | المكتبة الرئيسية | المكتبة الحالية | موقع الرف | تاريخ التزويد | الرقم المتسلسل | Total Checkouts | رقم الإستدعاء | تاريخ آخر ظهور | تاريخ الفاتورة | نوع المادة (كوها) |
|---|---|---|---|---|---|---|---|---|---|---|---|---|---|---|
| Dewey Decimal Classification | Unchecked | مكتبة النصر العامة | مكتبة النصر العامة | الإعارة | 06/07/2004 | 1752 | 842.4/راس | 28/07/2025 | 06/07/2004 | كتب |